[Event "Saarland-ch C"]
[Site "Saarlouis Steinrausch"]
[Date "2005.03.22"]
[Round "5"]
[White "Maurer, Dennis"]
[Black "Kraemer, Elmar"]
[Result "1-0"]
[WhiteElo "1160"]
[BlackElo "1450"]
[PlyCount "115"]
[EventDate "2005.03.18"]
[EventType "swiss"]
[EventRounds "9"]
[EventCountry "GER"]
[SourceTitle "EXT 2012"]
[Source "ChessBase"]
[SourceDate "2011.11.24"]
[SourceVersion "1"]
[SourceVersionDate "2011.11.24"]
[SourceQuality "1"]

1. d4 Nf6 2. Bg5 Ne4 3. Nf3 Nxg5 4. Nxg5 e5 5. Nf3 e4 6. Nfd2 d5 7. e3 Bb4 8. c3 Bd6 9. Be2 Qg5 10. g3 Bh3 11. Qb3 Bc8 12. Na3 c6 13. c4 b6 14. cxd5 Bxa3 15. Qxa3 cxd5 16. Rc1 Nd7 17. 0-0 Qe7 18. Qxe7+ Kxe7 19. f3 f5 20. Rc2 Nf6 21. Rfc1 Bd7 22. Ba6 Rhd8 23. Kg2 Ne8 24. Bb7 Rab8 25. Bxd5 Rdc8 26. Rxc8 Rxc8 27. Rxc8 Bxc8 28. fxe4 fxe4 29. Nxe4 h6 30. Kf3 Bf5 31. Kf4 Bxe4 32. Bxe4 Kf6 33. Bc6 Nd6 34. d5 g5+ 35. Kf3 Ke5 36. Kg4 Kf6 37. h4 Ne4 38. Kf3 Ke5 39. hxg5 hxg5 40. Kg4 Kf6 41. b3 Nd6 42. Kf3 a5 43. a4 Ke5 44. g4 Ne4 45. Ke2 Nc5 46. Kd2 Nxb3+ 47. Kd3 Kd6 48. Ke4 Nd2+ 49. Kf5 Nc4 50. e4 Ne5 51. Bb5 Nf3 52. Kf6 Kc5 53. Ke7 Nd4 54. d6 Nxb5 55. axb5 a4 56. d7 a3 57. d8Q Kxb5 58. Qd4 1-0